Foi assim : (Record no. 1264)

MARC details
000 -LÍDER
Campo Fixo de Controle 00905nam a2200241 a 4500
001 - NÚMERO DE CONTROLE
Campo de Controle 1264
003 - IDENTIFICAÇÃO DO NÚMERO DE CONTROLE
Campo de Controle BR-CuiBMT
005 - DATA E HORA DA ÚLTIMA ATUALIZAÇÃO
Campo de Controle 20231203004547.0
008 - DADOS FIXOS
Dados Fixos 230821s2017 mtba 000 0 por d
020 ## - INTERNATIONAL STANDARD BOOK NUMBER
Nº do ISBN 9788532706119
040 ## - AGÊNCIA CATALOGADORA
Código da Agência Catalogadora BR-CuiBMT
Agência que transcreveu o registro BR-CuiBMT
080 ## - Nº DA CLASSIFICAÇÃO DECIMAL UNIVERSAL
Nº Class. CDU 349.2:347.9
Subd. Auxiliar Comum (817.2)
Nº edição CDU 2007
090 ## - NÚMERO DE CHAMADA
Nº classificação 349.2:347.9(817.2)
Cutter F658
245 00 - TÍTULO PRINCIPAL
Título principal Foi assim :
Subtítulo vidas, olhares e personagens por trás dos processos trabalhistas em Mato Grosso /
Indicação de responsabilidade coordenação: Aline Cubas ; redação Sinara Alvares ... [et al.].
260 ## - PUBLICAÇÃO, DISTRIBUIÇÃO, ETC.
Local de publicação Cuiabá :
Editora TRT 23ª Região :
-- EdUFMT,
Data 2017.
300 ## - DESCRIÇÃO FÍSICA
N. páginas ou volumes 388 p. :
Ilustrações il. ;
Dimensões 21 cm
500 ## - NOTAS GERAIS
Notas gerais Edição comemorativa aos 25 anos de instalação do TRT de Mato Grosso.
504 ## - NOTA DE BIBLIOGRAFIA, ETC.
Nota de bibliografia Inclui bibliografia.
650 ## - ASSUNTO TÓPICO
Cabeçalho tópico ou nome geográfico Processos trabalhistas
Subdivisão geográfica Mato Grosso
650 ## - ASSUNTO TÓPICO
Cabeçalho tópico ou nome geográfico Justiça do trabalho
Subdivisão geográfica Mato Grosso
700 1# - ENTRADA SECUNDÁRIA -- NOME PESSOAL
Nome pessoal Cubas, Aline Paula de
Cód. do termo explicativo coord.
942 ## - ELEMENTOS DE ENTRADA ADICIONAIS (KOHA)
Fonte de classificação ou esquema de arquivamento Classificação Decimal Universal
Tipo de item do Koha Livros
Holdings
Estado: removido Estado: perdido Fonte de classificação ou esquema de arquivamento Estado: danificado Indisponível para empréstimo Localização permanente Localização atual Data de aquisição Total Checkouts Número de Chamada completo Código de barras Date last seen Número do exemplar Preço efetivo a partir de Tipo de item (Koha)
    Classificação Decimal Universal     Biblioteca da Escola Superior de Contas do TCE/MT Biblioteca da Escola Superior de Contas do TCE/MT 02/12/2023   349.2:347.9(817.2) F658 BIBTCEMT23120077 03/12/2023 Ex. 1 03/12/2023 Livros

Powered by Koha